Подробности
| 000 -МАРКЕР |
| контрольное поле |
01866nam2a2200253 4500 |
| 001 - ИДЕНТИФИКАТОР ЗАПИСИ |
| контрольное поле |
RU\NLR\BIBL_A\021978507 |
| 005 - ИДЕНТИФИКАТОР ВЕРСИИ |
| контрольное поле |
20250625072744.0 |
| 035 ## - ДРУГИЕ СИСТЕМНЫЕ НОМЕРА |
| Идентификатор записи |
(NLR Aleph) 021978507 |
| 100 ## - ДАННЫЕ ОБЩЕЙ ОБРАБОТКИ |
| Данные общей обработки |
20230711d2020 |||y0rusy50 ca |
| 101 0# - ЯЗЫК РЕСУРСА |
| Язык текста, звукозаписи и т.д. |
русский |
| 102 ## - СТРАНА ПУБЛИКАЦИИ ИЛИ ПРОИЗВОДСТВА |
| Страна публикации |
Российская Федерация |
| 105 ## - ПОЛЕ КОДИРОВАННЫХ ДАННЫХ: ТЕКСТОВЫЕ МАТЕРИАЛЫ, МОНОГРАФИЧЕСКИЕ |
| Кодированные данные о монографическом текстовом документе |
a j 000zy |
| 200 1# - ЗАГЛАВИЕ И СВЕДЕНИЯ ОБ ОТВЕТСТВЕННОСТИ |
| Основное заглавие |
Радиоэлектронные системы и сигналы |
| 210 ## - ПУБЛИКАЦИЯ, РАСПРОСТРАНЕНИЕ И ДР. |
| Дата издания, распространения и т.д. |
2020 |
| Место издания, распространения и т.д. |
Б. м. |
| 215 ## - ФИЗИЧЕСКАЯ ХАРАКТЕРИСТИКА |
| Специфическое обозначение материала и объем |
153 с. |
| Другие сведения о физической характеристике |
ил. |
| 461 #0 - УРОВЕНЬ НАБОРА |
| Встроенное поле |
001RU\NLR\BIBL_A\021978503 |
| -- |
2001#$aAdvanced курс по основам радиоэлектроники для радарян$eучебное пособие$fАнцев Г. В., к. т. н., доцент, лауреат Государственной премии Российской Федерации, Сарычев В. А., д. т. н., профессор$gАкционерное общество "Научно-производственное предприятие "Радар ммс"$vЛекция 1 |
| -- |
700#1$aАнцев$bГ. В.$f1961-$gГеоргий Владимирович |
| Системный номер (АБИС) связанной записи |
12390848 |
| Автор |
Анцев, Г. В. (1961-) |
| Место публикации |
Санкт-Петербург |
| Дата публикации |
2020 |
| Первые сведения об ответственности |
Анцев Г. В., к. т. н., доцент, лауреат Государственной премии Российской Федерации, Сарычев В. А., д. т. н., профессор |
| Имя издателя, распространителя и т.д. |
[б. и.] |
| Сведения, относящиеся к заглавию |
учебное пособие |
| Заглавие |
Advanced курс по основам радиоэлектроники для радарян |
| Номер тома |
Лекция 1 |
| 606 1# - НАИМЕНОВАНИЕ ТЕМЫ КАК ПРЕДМЕТ |
| Наименование темы |
Радиосигналы |
| Формальный подзаголовок |
Учебные издания |
| Тематический подзаголовок |
Теория |
| Системный номер авторитетной/нормативной записи |
1502645 |
| Идентификатор авторитетной/нормативной записи |
RU\NLR\AUTH\66953515 |
| 606 1# - НАИМЕНОВАНИЕ ТЕМЫ КАК ПРЕДМЕТ |
| Наименование темы |
Радиотехнические системы |
| Формальный подзаголовок |
Учебные издания |
| Тематический подзаголовок |
Теория |
| Системный номер авторитетной/нормативной записи |
2043827 |
| Идентификатор авторитетной/нормативной записи |
RU\NLR\AUTH\66942353 |
| 686 1# - ИНДЕКСЫ ДРУГИХ КЛАССИФИКАЦИЙ |
| Индекс |
З841-01я7-2 |
| 942 ## - ДОПОЛНИТЕЛЬНЫЕ ЭЛЕМЕНТЫ ЗАПИСИ (АБИС) |
| Тип экземпляра АБИС |
Книга |
| 980 ## - КОЛЛЕКЦИЯ |
| Название коллекции |
Национальная библиография |